Mongolei-Quiz - Statistiken

Allgemein
  • Dieses Quiz wurde 1.401 mal gespielt
  • Das Durchschnittsergebnis liegt bei 10 aus 20
Antwortstatistiken
Frage Antwort % Korrekt
Große Wüste in der Mongolei und China Gobi
91%
Hauptstadt der Mongolei Ulaanbaatar
91%
Gründer des Mongolischen Reichs {Dschingis} Khan
89%
Land, an dem die Mongolei im Westen beinahe grenzt Kasachstan
80%
Religion, die von etwas über 50% der mongolischen Bevölkerung ausgeübt wird Buddhismus
77%
Staatsideologie der Mongolei, 1924–1992 {Kommun}ismus
69%
Symbolisches Tier der Mongolei, dessen Population die der Menschen etwas höher ist Pferd
67%
Begriff für die Grasland-Ökozone, aus der die Mongolei hauptsächlich besteht Steppe
61%
Traditionelles Zelt der nomadischen Bevölkerung der Mongolei Jurte
54%
Autonome Region Chinas, die am Osten der Mongolei grenzt {Innere} Mongolei
44%
Mongolischer Khan, der China 1279 eroberte {Kublai} Khan
39%
Adlerart, die in der westlichen Mongolei zum Jagen gebraucht wird {Stein}adler
36%
Zweihöckriges Kamel, der in der Mongolei verbreitet ist Trampeltier
30%
Bergkette an der Westspitze der Mongolei Altai
24%
Letzte Hauptstadt des Mongolischen Reichs Peking
24%
Sektor der mongolischen Wirtschaft, der 80% der Exporte ausmacht Bergbau
22%
Chinesische Dynastie, die der obige Khan gründete Yuan
18%
Deutsche Übersetzung des Namens der Hauptstadt Roter Held
17%
Geburtsname des obigen Herrschers Temüdschin
16%
Währung der Mongolei Tögrög
16%
Keine übereinstimmenden Quizze gefunden
Verteilung der Resultate
Anzahl Personen mit jedem Resultat
Perzentil nach korrekt beantworteten Fragen
Ihre Resultats-Entwicklung
Sie haben dieses Quiz noch nicht gespielt